| 000 | 00638cam a22002291 4500 | ||
|---|---|---|---|
| 001 | ne 62000047 | ||
| 003 | DLC | ||
| 005 | 20260227111734.0 | ||
| 008 | 901015s1948 tu 000 1 tur | ||
| 010 | _ane 62000047 | ||
| 035 | _a(OCoLC)22514721 | ||
| 040 |
_aDLC _cCLU _dCLU _dDLC |
||
| 050 | 0 | 0 |
_aGR245 _b.G82 |
| 100 | 1 |
_aGüney, Eflâtun Cem, _d1896- |
|
| 245 | 1 | 0 | _aEn güzel Türk masalları. |
| 260 |
_aİstanbul, _bVarlık Yarınları _c[1948] |
||
| 300 |
_a143 p. _c21 cm. |
||
| 490 | 0 |
_aTürk masalları serisi, _v22 |
|
| 500 | _aVarlık yayınları, sayı 22. | ||
| 650 | 0 |
_aTales _zTurkey. |
|
| 650 | 0 |
_aFairy tales _zTurkey. |
|
| 999 |
_c44985 _d44985 |
||